书目信息 |
| 题名: |
气象气候灾害与对策
|
|
| 作者: | 刘引鸽 著 | |
| 分册: | ||
| 出版信息: | 北京 中国环境科学出版社 2005 |
|
| 页数: | 278页 | |
| 开本: | 21cm | |
| 丛书名: | ||
| 单 册: | ||
| 中图分类: | P429 | |
| 科图分类: | ||
| 主题词: | 气象灾害--研究 | |
| 电子资源: | ||
| ISBN: | 7-80209-204-3 | |
| 000 | 00701n|m0 2200217 450 | |
| 001 | 1573155823 | |
| 005 | 20150118201953.15 | |
| 010 | @a7-80209-204-3@dCNY28.00 | |
| 100 | @a20051101d2005 em y0chiy50 ea | |
| 101 | 0 | @achi |
| 102 | @aCN@b110000 | |
| 105 | @aa z 000yy | |
| 200 | 1 | @a气象气候灾害与对策@9qi xiang qi hou zai hai yu dui ce@f刘引鸽著 |
| 210 | @a北京@c中国环境科学出版社@d2005 | |
| 215 | @a278页@c图@d21cm | |
| 330 | @a本书就气候气象灾害的基本理论和研究方法进行了详细的阐述,分析了各种气象气候灾害的变化特征、发生规律和对人类的影响。 | |
| 606 | 0 | @a气象灾害@x研究 |
| 690 | @aP429@v5 | |
| 701 | 0 | @a刘引鸽@9liu yin ge@4著 |
| 801 | 0 | @aCN@bTSSF@c20150118 |
| 905 | @aZUCC@dP429@eJY26 | |
| 气象气候灾害与对策/刘引鸽著.-北京:中国环境科学出版社,2005 |
| 278页:图;21cm |
| ISBN 7-80209-204-3:CNY28.00 |
| 本书就气候气象灾害的基本理论和研究方法进行了详细的阐述,分析了各种气象气候灾害的变化特征、发生规律和对人类的影响。 |
| ● |
| 相关链接 |
|
|
|
|
正题名:气象气候灾害与对策
索取号:P429/JY26
 
预约/预借
| 序号 | 登录号 | 条形码 | 馆藏地/架位号 | 状态 | 备注 |
| 1 | 7848028 | 278480289 | 学院路分馆/ [索取号:P429/JY26] | 在馆 | |
| 2 | 7848029 | 278480298 | 学院路分馆/ [索取号:P429/JY26] | 在馆 |